| 000 | 02314cam a2200289 4500500 | ||
|---|---|---|---|
| 005 | 20260322003900.0 | ||
| 041 | _afre | ||
| 042 | _adc | ||
| 100 | 1 | 0 |
_aChalamet, Christophe _eauthor |
| 245 | 0 | 0 | _aLa joie de la vie – un regard théologique protestant |
| 260 | _c2026. | ||
| 500 | _a36 | ||
| 520 | _aLa joie de la vie est un ouvrage traversé par des références aux écrits bibliques dans toute leur envergure. Le présent article s’intéresse au rapport à ces écrits au fil de l’ouvrage, notamment dans le deuxième chapitre (« Les saintes Écritures et la vie », p. 33-66), où tout usage purement instrumental des écrits bibliques est critiqué. Il est ensuite question de la perspective eschatologique présente dans l’ouvrage, et pas seulement dans le dernier chapitre qui porte explicitement sur cette perspective, car qui dit « joie » et « vie » évoque forcément, dans un contexte théologique, la dimension eschatologique. L’article se termine avec une réflexion sur l’une des questions centrales du livre, celle de savoir « comment être humain aujourd’hui ». | ||
| 520 | _aThe joy of life is a work full of references to biblical writings in all their diversity. This article considers the relationship to these writings throughout the book, particularly in the second chapter (“The Holy Scriptures and life”, p. 33-66), where any purely instrumental use of biblical writings is criticised. We then turn to the eschatological perspective present in the book, and not only in the last chapter, which deals explicitly with this perspective, since in a theological context, the terms “joy” and “life” inevitably contain an eschatological dimension. The article concludes with a reflection on one of the central questions of the book, namely, “how to be human today”. | ||
| 690 | _aBible | ||
| 690 | _aeschatologie | ||
| 690 | _aéthique | ||
| 690 | _aexégèse | ||
| 690 | _ajoie | ||
| 690 | _aBible | ||
| 690 | _aeschatology | ||
| 690 | _aethics | ||
| 690 | _aexegesis | ||
| 690 | _ajoy | ||
| 786 | 0 | _nRevue d'éthique et de théologie morale | 330 | 4 | 2026-03-02 | p. 21-33 | 1266-0078 | |
| 856 | 4 | 1 | _uhttps://shs.cairn.info/revue-revue-d-ethique-et-de-theologie-morale-2025-4-page-21?lang=fr&redirect-ssocas=7080 |
| 999 |
_c1735815 _d1735815 |
||